<?xml version="1.0" encoding="UTF-8"?>
<collection xmlns="http://www.loc.gov/MARC21/slim">
 <record>
  <leader>01034nam a22001937a 4500</leader>
  <controlfield tag="001">NCT_94573</controlfield>
  <controlfield tag="008">211210b        xxu||||| |||| 00| 0 vie d</controlfield>
  <datafield tag="999" ind1=" " ind2=" ">
   <subfield code="c">4692</subfield>
   <subfield code="d">4692</subfield>
  </datafield>
  <datafield tag="020" ind1=" " ind2=" ">
   <subfield code="c">40000</subfield>
  </datafield>
  <datafield tag="082" ind1="0" ind2="4">
   <subfield code="2">23rd ed.</subfield>
   <subfield code="a">330.0151</subfield>
   <subfield code="b">N104</subfield>
  </datafield>
  <datafield tag="100" ind1="1" ind2=" ">
   <subfield code="a">Nguyễn Phạm Thanh Nam</subfield>
  </datafield>
  <datafield tag="245" ind1="1" ind2="0">
   <subfield code="a">Lý thuyết &amp; bài tập Toán kinh tế</subfield>
   <subfield code="c">Nguyễn Phạm Thanh Nam</subfield>
  </datafield>
  <datafield tag="260" ind1=" " ind2=" ">
   <subfield code="a">Cần Thơ</subfield>
   <subfield code="b">Đại học Cần Thơ</subfield>
   <subfield code="c">2011</subfield>
  </datafield>
  <datafield tag="300" ind1=" " ind2=" ">
   <subfield code="a">224 tr.</subfield>
   <subfield code="b">Minh họa</subfield>
   <subfield code="c">27cm</subfield>
  </datafield>
  <datafield tag="520" ind1="3" ind2=" ">
   <subfield code="a">Trình bày một số dạng bài toán quy hoạch tuyến tính và phương pháp giải bằng đồ thị, phân tích nhạy cảm, phương pháp đơn hình. Bài toán vận tải và phương pháp sơ đồ mạng lưới Pert - CPM.</subfield>
  </datafield>
  <datafield tag="653" ind1=" " ind2=" ">
   <subfield code="a">Quản trị kinh doanh</subfield>
  </datafield>
  <datafield tag="942" ind1=" " ind2=" ">
   <subfield code="2">ddc</subfield>
   <subfield code="c">BK</subfield>
  </datafield>
  <datafield tag="952" ind1=" " ind2=" ">
   <subfield code="0">0</subfield>
   <subfield code="1">0</subfield>
   <subfield code="2">ddc</subfield>
   <subfield code="4">0</subfield>
   <subfield code="6">330_015100000000000_N104</subfield>
   <subfield code="7">0</subfield>
   <subfield code="9">21850</subfield>
   <subfield code="a">000001</subfield>
   <subfield code="b">000001</subfield>
   <subfield code="d">2021-12-10</subfield>
   <subfield code="o">330.0151 N104</subfield>
   <subfield code="p">MD.18594</subfield>
   <subfield code="r">2021-12-10</subfield>
   <subfield code="v">40000.00</subfield>
   <subfield code="w">2021-12-10</subfield>
   <subfield code="y">BK</subfield>
  </datafield>
  <datafield tag="980" ind1=" " ind2=" ">
   <subfield code="a">Thư viện Trường Đại học Nam Cần Thơ</subfield>
  </datafield>
 </record>
</collection>
